000 00371nam a22001697a 4500
003 UA-OsUOA
001 3836
007 ta
008 20050721b un ||||| |||| 00| 0 ukr d
100 _aSimpson
700 _aG. W.
942 _cBK
040 _aUA-OsUOA
_cUA-OsUOA
_dUA-OsUOA
245 _aUkraine an Atlas of its History and Geography.
955 _a2
650 7 _2UDC
999 _c289998
_d289998